书目信息 |
| 题名: |
中学地理教师手册
|
|
| 作者: | 卫杰文 编著 | |
| 分册: | 教学部分 | |
| 出版信息: | 上海 上海教育出版社 1982 |
|
| 页数: | 463页 | |
| 开本: | 21cm | |
| 丛书名: | ||
| 单 册: | ||
| 中图分类: | G633.55 | |
| 科图分类: | ||
| 主题词: | 地理--中学--手册 | |
| 电子资源: | ||
| ISBN: | ||
| 000 | 00636nam0 2200229 45 | |
| 001 | 0182001528 | |
| 005 | 20060803084648.76 | |
| 010 | @dCNY1.35 | |
| 091 | @a7150.2773 | |
| 100 | @a19950619d1982 em y0chiy0121 ea | |
| 101 | 0 | @achi |
| 102 | @aCN@b310000 | |
| 105 | @ay z 000yy | |
| 200 | 10 | @a中学地理教师手册@Azhong xue di li jiao shi shou ce@i教学部分@f卫杰文编著 |
| 210 | @a上海@c上海教育出版社@d1982 | |
| 215 | @a463页@d21cm | |
| 606 | @a地理@x中学@x手册 | |
| 690 | @aG633.55@v3 | |
| 701 | 0 | @a卫杰文@Awei jie wen@4编著 |
| 801 | 2 | @aCN@bNLC@c20060803 |
| 801 | 0 | @aCN@b上海图书馆@c20040505 |
| 905 | @f1@b228427@dG633.55@e105 | |
| 中学地理教师手册.教学部分/卫杰文编著.-上海:上海教育出版社,1982 |
| 463页;21cm |
| ISBN :CNY1.35 |
| ● |
| 相关链接 |
|
|
|
|
正题名:中学地理教师手册
索取号:G633.55/105
 
预约/预借
| 序号 | 登录号 | 条形码 | 馆藏地/架位号 | 状态 | 备注 |
| 1 | 0228427 | 000604705 | 密集书库/ [索取号:G633.55/105] | 在馆 | |
| 2 | 0228428 | 000604714 | 第一样本阅览室/ [索取号:G633.55/105] | 在馆 | |
| 3 | 0442184 | 204421848 | 密集书库/ [索取号:G633.55/105] | 在馆 | |
| 4 | 0442185 | 204421857 | 密集书库/ [索取号:G633.55/105] | 在馆 |